| 000 | 00402 a2200145 4500 | ||
|---|---|---|---|
| 001 | 92128 | ||
| 020 | _a9780470058190 | ||
| 082 | _a623.7469 AUS | ||
| 090 |
_c44087 _d44086 |
||
| 100 | _aReg Austin | ||
| 245 |
_aUnmanned Aircraft System _bUAVs Design, Development and deployment _cAustin, Reg |
||
| 260 |
_aUK _bJohn Wiley and Sons _c2010 |
||
| 300 |
_axxix, 332p. _bHb |
||
| 500 | _aReference Book | ||
| 942 |
_aCAE NUST _k623.7469 AUS |
||
| 999 |
_c327201 _d327201 |
||